| 000 | 00550nam a2200169 4500 | ||
|---|---|---|---|
| 001 | 139940 | ||
| 003 | ES-MaACL | ||
| 005 | 20230906195943.0 | ||
| 007 | t| | ||
| 008 | 070214s1915 it r ||||1| ita d | ||
| 100 | 1 |
_aSchmidt, Adolf. _9104460 |
|
| 245 | 1 | 0 |
_aTrattato delle malattie intestinali / _cA. Schmidt ; traduzione del Dott. Giacomo Feldmann. |
| 260 |
_aMilano : _bSocietáa Editrice Libraria, _c1915 ( _fTip. Indinpendenza) |
||
| 300 |
_aXVIII, 902 p. ; _c25 x 16 cm. |
||
| 700 | 1 |
_aFeldmann, Giacomo. _949150 |
|
| 852 |
_aES-MaACL _jB-12685 |
||
| 999 |
_c139940 _d139940 |
||